Электрические измерения: Общий курс; учебник

গ্রন্থ-পঞ্জীর বিবরন
অন্যান্য লেখক: Фремке А. В. Андрей Владимирович (редактор)
ভাষা:রুশ
প্রকাশিত: Ленинград, Энергия, 1973
সংস্করন:4-е изд., перераб. и доп.
বিষয়গুলি:
বিন্যাস: গ্রন্থ
KOHA link:https://koha.lib.tpu.ru/cgi-bin/koha/opac-detail.pl?biblionumber=38230

MARC

LEADER 00000nam0a2200000 4500
001 38230
005 20231031005233.0
035 |a (RuTPU)RU\TPU\book\38914 
090 |a 38230 
100 |a 20020226d1973 m y0rusy50 ca 
101 0 |a rus 
102 |a RU 
105 |a a j 000zy 
200 1 |a Электрические измерения  |e Общий курс  |e учебник  |f Под ред. А. В. Фремке 
205 |a 4-е изд., перераб. и доп. 
210 |a Ленинград  |c Энергия  |d 1973 
215 |a 421 с.  |c ил. 
610 1 |a электрические измерения 
610 1 |a погрешности 
610 1 |a обработка 
610 1 |a электромеханические приборы 
610 1 |a преобразователи 
610 1 |a электрические величины 
610 1 |a магнитные величины 
610 1 |a неэлектрические величины 
610 1 |a цифровые приборы 
610 1 |a измерительные цифровые системы 
610 1 |a учебники 
675 |a 621.317.3(075.8)  |v 3 
702 1 |a Фремке  |b А. В.  |g Андрей Владимирович  |4 340 
801 1 |a RU  |b 63413507  |c 20020226  |g PSBO 
801 2 |a RU  |b 63413507  |c 20200813  |g PSBO 
942 |c BK